00996nam a2200265 a 450000100060000000300080000600500170001400800410003103500200007204000320009204100080012408200290013210000520016124500920021326000510030530000210035649000280037750400270040565000400043270000300047283000370050294200120053999900170055195201620056841718BD-RjUL20211209053435.0160605s1957 nju b 001 0 eng  a(BD-RjUL) 41836 aDLCcDLCdEQOdBD-RjULbeng aeng a325.260973223bLON 19571 aLogan, Rayford Whittingham,d1897-1982.912815414aThe Negro in the United States :ba brief history /cRayford W. Logan ; Louis L. Snyder aPrinceton, N.J. :bD. Van Nostrand Co.,cc1957 a191 p. ;c19 cm.0 aAnvil original,vno. 19 aIncludes bibliography. 0aAfrican AmericansxHistory.9128155 aSnyder, Louis L. 9127989 aAnvil original ;vno. 199128156 2ddccBK c41718d41718 00102ddc40708NFICaRUCLbRUCLcStackd1972-08-12eParagon Enterprise Lit., Dhakag11.60l0o325.260973 LON 1957r2016-06-05 00:00:00tC-2w2016-06-05yBK